000 00720nam a22002297a 4500
003 DO-SdBNP
005 20211013114642.0
007 ta
008 210617b 2012 dr 00| 0 eng d
020 _a9789945883312
040 _aDO-SdBNP
_bspa
_cBNPHU
100 1 _aRamos, Samuel
_978894
245 1 0 _aLiberando la nación :
_bel propósito de Dios para la República Dominicana /
_cSamuel Ramos, Pedro Ramos ; prólogo Edgar Winter.
250 _a2da. ed.
260 _aSanto Domingo :
_bPublicaciones Libertad,
_c2012.
300 _a102 p. ;
_c22 cm.
590 _aInventariado, 2021 /LP
700 1 _aRamos, Pedro
_978895
700 1 _aWinter, Edgar,
_epról.
_978896
910 _aLopérez
942 _2ddc
_cLBS1
999 _c49948
_d49948